00214aas a2200061 4500008004100000245001300041260009800054240130b |||||||| |||| 00| 0 eng d aOur Laws bThe department of women and child development, Ministry of Human resource development, c1992